[Event "Druga liga CS - Istok 2018"]
[Site "Nis"]
[Date "2018.09.08"]
[Round "2.4"]
[White "Dmitrovic, Tomislav"]
[Black "Livaja, Mario"]
[Result "1/2-1/2"]
[WhiteElo "2268"]
[BlackElo "2279"]
[Annotator "AB"]
[PlyCount "24"]
[EventDate "2018.09.07"]
[WhiteTeam "KURSUMLIJA - Kursumlija"]
[BlackTeam "NAIS - Nis"]

1. e4 c5 2. Nf3 Nc6 3. Nc3 e6 4. d4 cxd4 5. Nxd4 Qc7 6. g3 a6 7. Bg2 Nf6 8. O-O
Nxd4 9. Qxd4 Bc5 10. Qd3 h6 11. Be3 Bxe3 12. Qxe3 d6 1/2-1/2

[Event "Druga liga CS - Istok 2018"]
[Site "Nis"]
[Date "2018.09.08"]
[Round "2.4"]
[White "Zivic, Dragan"]
[Black "Miljkovic, Mihajlo"]
[Result "1/2-1/2"]
[WhiteElo "2175"]
[BlackElo "2255"]
[Annotator "AB"]
[PlyCount "20"]
[EventDate "2018.09.07"]
[WhiteTeam "NAIS - Nis"]
[BlackTeam "KURSUMLIJA - Kursumlija"]

1. e4 c6 2. d4 d5 3. Nd2 dxe4 4. Nxe4 Bf5 5. Ng3 Bg6 6. h4 h6 7. h5 Bh7 8. Nf3
Nf6 9. Bd3 Bxd3 10. Qxd3 e6 1/2-1/2

[Event "Druga liga CS - Istok 2018"]
[Site "Nis"]
[Date "2018.09.08"]
[Round "2.4"]
[White "Petkovic, Miodrag"]
[Black "Blazic, Ivica"]
[Result "1/2-1/2"]
[WhiteElo "1927"]
[BlackElo "2036"]
[Annotator "AB"]
[PlyCount "21"]
[EventDate "2018.09.07"]
[WhiteTeam "NAIS - Nis"]
[BlackTeam "KURSUMLIJA - Kursumlija"]

1. e4 e5 2. Nf3 Nc6 3. Bb5 Bc5 4. c3 f5 5. d3 fxe4 6. dxe4 Nf6 7. Bg5 d6 8.
Bxf6 Qxf6 9. Bxc6+ bxc6 10. O-O O-O 11. Nbd2 1/2-1/2

[Event "Druga liga CS - Istok 2018"]
[Site "Nis"]
[Date "2018.09.08"]
[Round "2.5"]
[White "Vlahovic, Bogdan"]
[Black "Ristic, Nebojsa B"]
[Result "1/2-1/2"]
[WhiteElo "2308"]
[BlackElo "2336"]
[Annotator "AB"]
[PlyCount "68"]
[EventDate "2018.09.07"]
[WhiteTeam "GLUBOCICA - Leskovac"]
[BlackTeam "RADNIK - Surdulica"]

1. Nf3 d5 2. b3 Bf5 3. Bb2 e6 4. g3 Nf6 5. Bg2 h6 6. O-O Be7 7. d3 O-O 8. Nbd2
c6 9. Qe1 Bh7 10. Rd1 a5 11. a3 Na6 12. e4 Re8 13. Qe2 Nd7 14. Rfe1 Bf6 15. d4
Qb6 16. Rc1 Nc7 17. Qd1 Nb5 18. e5 Be7 19. a4 Nc7 20. h4 Na6 21. Re3 Nb4 22.
Bf1 c5 23. Bb5 Red8 24. c3 Nc6 25. Bd3 Bxd3 26. Rxd3 cxd4 27. cxd4 Rac8 28.
Rdc3 Na7 29. Rxc8 Rxc8 30. Rxc8+ Nxc8 31. Qc2 Na7 32. Kg2 Nc6 33. Nf1 Qa6 34.
Ne1 Qb6 1/2-1/2

[Event "Druga liga CS - Istok 2018"]
[Site "Nis"]
[Date "2018.09.08"]
[Round "2.5"]
[White "Lazov, Toni **"]
[Black "Zivkovic, Nemanja"]
[Result "1-0"]
[WhiteElo "2292"]
[BlackElo "2293"]
[Annotator "AB"]
[PlyCount "105"]
[EventDate "2018.09.07"]
[WhiteTeam "RADNIK - Surdulica"]
[BlackTeam "GLUBOCICA - Leskovac"]

1. e4 c5 2. Nf3 d6 3. d4 cxd4 4. Nxd4 Nf6 5. Nc3 a6 6. Bg5 Nbd7 7. f4 Qc7 8.
Qe2 e6 9. O-O-O b5 10. a3 Bb7 11. g4 Be7 12. Kb1 O-O 13. Bg2 Rab8 14. Rhe1 h6
15. Bh4 Nc5 16. g5 Nh7 17. Qg4 hxg5 18. fxg5 g6 19. Bg3 e5 20. Nb3 Na4 21. Rd3
Bxg5 22. h4 Bh6 23. Qd1 Nf6 24. Rxd6 Nxc3+ 25. bxc3 Qe7 26. Nc5 Bc8 27. Bf3 Bg7
28. Re3 Qc7 29. Nxa6 Bxa6 30. Rxa6 Ra8 31. Qd6 Qb7 32. Rxa8 Rxa8 33. Bxe5 Ne8
34. Qd5 Qa7 35. Bxg7 Qxa3 36. c4 Qa2+ 37. Kc1 Nxg7 38. cxb5 Qa1+ 39. Kd2 Ne6
40. b6 Rd8 41. b7 Qe5 42. Rd3 Rxd5 43. exd5 Nc5 44. d6 Qf4+ 45. Ke2 Qh2+ 46.
Kf1 Nd7 47. Rc3 Qxd6 48. Rd3 Qa6 49. Kg2 Nb8 50. Rd8+ Kh7 51. Rxb8 Qd6 52. Rc8
Qd2+ 53. Kf1 1-0

[Event "Druga liga CS - Istok 2018"]
[Site "Nis"]
[Date "2018.09.08"]
[Round "2.5"]
[White "Milosevic, Aleksandar"]
[Black "Banjovic, Sasa"]
[Result "1-0"]
[WhiteElo "2246"]
[BlackElo "2143"]
[Annotator "AB"]
[PlyCount "86"]
[EventDate "2018.09.07"]
[WhiteTeam "GLUBOCICA - Leskovac"]
[BlackTeam "RADNIK - Surdulica"]

1. Nf3 f5 2. g3 Nf6 3. Bg2 d6 4. d4 e6 5. O-O Be7 6. c4 O-O 7. Nc3 Ne4 8. Qc2
Nxc3 9. bxc3 Nc6 10. e4 e5 11. d5 Nb8 12. c5 Na6 13. Ba3 Qe8 14. cxd6 cxd6 15.
exf5 Bxf5 16. Qb3 b6 17. Nxe5 Nc5 18. Bxc5 bxc5 19. Rfe1 Bf6 20. Ng4 Bxg4 21.
Rxe8 Raxe8 22. h3 Bf5 23. Rc1 Re7 24. Qa4 Rfe8 25. Kh2 Bd3 26. Bf3 Bg5 27. Rd1
Be2 28. Bxe2 Rxe2 29. Kg1 Rb8 30. Qg4 Re5 31. f4 h5 32. Qf3 Rf8 33. Qg2 Bxf4
34. gxf4 Rxf4 35. Rf1 Rxf1+ 36. Kxf1 Rf5+ 37. Ke2 g5 38. Kd3 Kg7 39. Kc4 a6 40.
Qe2 Kg6 41. Qe4 g4 42. hxg4 hxg4 43. Qxg4+ Kf6 1-0

[Event "Druga liga CS - Istok 2018"]
[Site "Nis"]
[Date "2018.09.08"]
[Round "2.5"]
[White "Spasic, Petar **"]
[Black "Dimitrijevic, Srdjan"]
[Result "0-1"]
[WhiteElo "2083"]
[BlackElo "2279"]
[Annotator "AB"]
[PlyCount "58"]
[EventDate "2018.09.07"]
[WhiteTeam "RADNIK - Surdulica"]
[BlackTeam "GLUBOCICA - Leskovac"]

1. e4 c5 2. Nf3 Nc6 3. d4 cxd4 4. Nxd4 g6 5. Nc3 Bg7 6. Be3 Nf6 7. f3 O-O 8.
Bc4 Qb6 9. O-O Qxb2 10. Nxc6 bxc6 11. Qd3 Qb8 12. Rab1 Qc7 13. Qd2 d6 14. Rb3
Rd8 15. Rd1 Bd7 16. Qe2 Rab8 17. Qf2 Qa5 18. Rdb1 Rxb3 19. Rxb3 d5 20. Bd3 d4
21. Bxd4 Be6 22. e5 Nd7 23. Rb2 c5 24. Rb5 Qa3 25. Bxc5 Qxc3 26. Bxe7 Re8 27.
Bd6 Nxe5 28. Rc5 Nxd3 29. cxd3 Qa1+ 0-1

[Event "Druga liga CS - Istok 2018"]
[Site "Nis"]
[Date "2018.09.08"]
[Round "2.5"]
[White "Stankovic, Ivan G"]
[Black "Dimitrijevic, Zoran"]
[Result "1-0"]
[WhiteElo "2257"]
[BlackElo "2129"]
[Annotator "AB"]
[PlyCount "66"]
[EventDate "2018.09.07"]
[WhiteTeam "GLUBOCICA - Leskovac"]
[BlackTeam "RADNIK - Surdulica"]

1. e4 c6 2. d4 d5 3. exd5 cxd5 4. c4 Nf6 5. Nc3 e6 6. Nf3 Be7 7. Be2 dxc4 8.
O-O Bd7 9. Ne5 Nc6 10. Bxc4 O-O 11. Re1 Rc8 12. Bb3 Nb4 13. Qe2 Bc6 14. Bg5 Bd5
15. Bxf6 Bxf6 16. Nxd5 Nxd5 17. Nxf7 Nf4 18. Nxd8 Nxe2+ 19. Rxe2 Rcxd8 20.
Bxe6+ Kh8 21. d5 Rd6 22. Rc1 g6 23. g3 Bd8 24. Rc8 Kg7 25. Rec2 Bb6 26. Kg2
Rdd8 27. Rxd8 Rxd8 28. f4 Kf6 29. Kf3 Ke7 30. Ke4 Kd6 31. g4 Bc5 32. f5 Rf8 33.
h4 a5 1-0

[Event "Druga liga CS - Istok 2018"]
[Site "Nis"]
[Date "2018.09.08"]
[Round "2.5"]
[White "Djordjevic, Miroslav"]
[Black "Komnenic, Branko"]
[Result "1/2-1/2"]
[WhiteElo "1975"]
[BlackElo "2228"]
[Annotator "AB"]
[PlyCount "34"]
[EventDate "2018.09.07"]
[WhiteTeam "RADNIK - Surdulica"]
[BlackTeam "GLUBOCICA - Leskovac"]

1. f4 d5 2. Nf3 g6 3. e3 Bg7 4. Be2 Nf6 5. d3 O-O 6. O-O c6 7. c3 Qb6 8. d4 Bf5
9. Ne5 Nfd7 10. Nd2 Nxe5 11. fxe5 f6 12. exf6 exf6 13. Bf3 Bd3 14. Re1 f5 15.
Nb3 Ba6 16. Nc5 Re8 17. g4 Bf8 1/2-1/2

[Event "Druga liga CS - Istok 2018"]
[Site "Nis"]
[Date "2018.09.08"]
[Round "2.5"]
[White "Krstic, Ranko"]
[Black "Bulatovic, Nikola"]
[Result "1/2-1/2"]
[WhiteElo "2176"]
[BlackElo "2047"]
[Annotator "AB"]
[PlyCount "71"]
[EventDate "2018.09.07"]
[WhiteTeam "GLUBOCICA - Leskovac"]
[BlackTeam "RADNIK - Surdulica"]

1. c4 e5 2. Nc3 Nc6 3. Nf3 a6 4. e3 Nf6 5. d4 exd4 6. exd4 Bb4 7. Be2 h6 8. O-O
O-O 9. a3 Bxc3 10. bxc3 Re8 11. Bd3 d5 12. cxd5 Qxd5 13. c4 Qd6 14. h3 Rd8 15.
Bb2 Nh7 16. d5 Ng5 17. Nxg5 hxg5 18. Qh5 Qh6 19. Qe2 Na5 20. Rae1 Bd7 21. Qe5
b5 22. cxb5 Bxb5 23. Bxb5 axb5 24. Qxc7 Nc4 25. Bc1 Rxd5 26. Re7 Qf6 27. Rfe1
Rf5 28. Qb7 Rd8 29. Qe4 Rfd5 30. a4 Qf5 31. axb5 Qxe4 32. R7xe4 Nd6 33. Rg4 f6
34. b6 Rb5 35. Be3 Nf5 36. Re4 1/2-1/2

[Event "Druga liga CS - Istok 2018"]
[Site "Nis"]
[Date "2018.09.08"]
[Round "2.5"]
[White "Milic, Slobodan"]
[Black "Micovic, Nikola **"]
[Result "1/2-1/2"]
[WhiteElo "1927"]
[BlackElo "1868"]
[Annotator "AB"]
[PlyCount "30"]
[EventDate "2018.09.07"]
[WhiteTeam "RADNIK - Surdulica"]
[BlackTeam "GLUBOCICA - Leskovac"]

1. Nf3 d5 2. d4 c6 3. Bf4 Nf6 4. e3 Bg4 5. Be2 e6 6. O-O Be7 7. Nbd2 Nbd7 8. h3
Bh5 9. Ne5 Bxe2 10. Qxe2 O-O 11. Ndf3 Rc8 12. Rac1 c5 13. c4 Nb6 14. Rfd1 cxd4
15. Nxd4 a6 1/2-1/2

[Event "Druga liga CS - Istok 2018"]
[Site "Nis"]
[Date "2018.09.08"]
[Round "2.6"]
[White "Djukic, Zeljko"]
[Black "Trickovic, Borivoje"]
[Result "1/2-1/2"]
[WhiteElo "2304"]
[BlackElo "2239"]
[Annotator "AB"]
[PlyCount "57"]
[EventDate "2018.09.07"]
[WhiteTeam "SVITANJA - Nis"]
[BlackTeam "CAST I SLAVA - Pirot"]

1. c4 e5 2. Nc3 d6 3. g3 c6 4. Bg2 Be6 5. d3 Be7 6. Nf3 Nd7 7. O-O g5 8. e4 h5
9. Ne1 h4 10. Nc2 Nh6 11. Ne3 Nf6 12. d4 Qc8 13. d5 Bh3 14. gxh4 gxh4 15. Qf3
Rg8 16. Kh1 Bd7 17. dxc6 bxc6 18. h3 Nh7 19. Nf5 Nxf5 20. exf5 Ng5 21. Bxg5
Rxg5 22. Ne4 Rxf5 23. Qd3 Qc7 24. Rad1 Rd8 25. Nxd6+ Bxd6 26. Qxd6 Qxd6 27.
Rxd6 Ke7 28. c5 Rc8 29. b3 1/2-1/2

[Event "Druga liga CS - Istok 2018"]
[Site "Nis"]
[Date "2018.09.08"]
[Round "2.6"]
[White "Stanojevic, Ilija **"]
[Black "Rihterovic, Milan"]
[Result "1-0"]
[WhiteElo "2139"]
[BlackElo "2263"]
[Annotator "AB"]
[PlyCount "93"]
[EventDate "2018.09.07"]
[WhiteTeam "CAST I SLAVA - Pirot"]
[BlackTeam "SVITANJA - Nis"]

1. c4 g6 2. Nf3 Bg7 3. d4 Nf6 4. g3 O-O 5. Bg2 d6 6. O-O Nbd7 7. Nc3 e5 8. e4
a5 9. h3 c6 10. Be3 exd4 11. Nxd4 Re8 12. Re1 a4 13. Qc2 Qa5 14. f4 a3 15. b3
Nh5 16. Kh2 Nc5 17. Rad1 Na6 18. Bf2 g5 19. Nce2 gxf4 20. Nxf4 Nb4 21. Qd2 Nf6
22. Nf5 Bxf5 23. exf5 c5 24. Rxe8+ Rxe8 25. Qxd6 Nxa2 26. Bxc5 Qc3 27. Bd4 Qb4
28. Bxf6 Qxd6 29. Rxd6 Bxf6 30. Rxf6 Nc3 31. Bxb7 a2 32. Ra6 Re1 33. Nd5 Re2+
34. Kg1 Nxd5 35. Bxd5 Re1+ 36. Kf2 a1=Q 37. Rxa1 Rxa1 38. b4 Kf8 39. b5 Rb1 40.
f6 Rb3 41. Bc6 Rc3 42. b6 Rxc4 43. b7 Rb4 44. Ke3 h6 45. Kd3 Kg8 46. Kc3 Rb6
47. Kd4 1-0

[Event "Druga liga CS - Istok 2018"]
[Site "Nis"]
[Date "2018.09.08"]
[Round "2.6"]
[White "Milosevic, Slavisa"]
[Black "Tonic, Milos"]
[Result "1/2-1/2"]
[WhiteElo "2237"]
[BlackElo "2137"]
[Annotator "AB"]
[PlyCount "64"]
[EventDate "2018.09.07"]
[WhiteTeam "SVITANJA - Nis"]
[BlackTeam "CAST I SLAVA - Pirot"]

1. e4 c6 2. Nf3 d5 3. Nc3 Bg4 4. h3 Bxf3 5. Qxf3 e6 6. g3 Nf6 7. Bg2 Bb4 8.
exd5 cxd5 9. Ne2 Nc6 10. O-O O-O 11. d4 h6 12. Qd3 Rc8 13. b3 Bd6 14. c3 Qb6
15. Be3 Qa6 16. Qxa6 bxa6 17. Rac1 Ba3 18. Rc2 a5 19. Rd2 Ne7 20. g4 Ng6 21. g5
hxg5 22. Bxg5 Nh7 23. Be3 f5 24. Bf4 Nxf4 25. Nxf4 Kf7 26. Rc2 Bd6 27. Nd3 Ng5
28. f4 Ne4 29. c4 Ke7 30. Rfc1 Ba3 31. Re1 Bd6 32. Rec1 Ba3 1/2-1/2

[Event "Druga liga CS - Istok 2018"]
[Site "Nis"]
[Date "2018.09.08"]
[Round "2.6"]
[White "Petrov, Georgi"]
[Black "Grkovic, Vladan"]
[Result "0-1"]
[WhiteElo "2174"]
[BlackElo "2236"]
[Annotator "AB"]
[PlyCount "112"]
[EventDate "2018.09.07"]
[WhiteTeam "CAST I SLAVA - Pirot"]
[BlackTeam "SVITANJA - Nis"]

1. Nf3 d5 2. d4 Nf6 3. c4 c6 4. Qb3 e6 5. Bg5 Nbd7 6. Nbd2 Qa5 7. Bxf6 Nxf6 8.
e3 Bb4 9. a3 Bxd2+ 10. Nxd2 Ne4 11. Rd1 O-O 12. Bd3 Nxd2 13. Rxd2 Rb8 14. Qc2
h6 15. O-O b5 16. cxb5 cxb5 17. Rdd1 b4 18. Qd2 Qb6 19. Rc1 Ba6 20. Rc5 bxa3
21. bxa3 Bxd3 22. Qxd3 Rfc8 23. Rxc8+ Rxc8 24. Rb1 Qa5 25. g3 g6 26. Qb3 Qd2
27. Kg2 Kg7 28. Qb4 Qd3 29. a4 Rc4 30. Qb5 a6 31. Qb3 Qxb3 32. Rxb3 Rxa4 33.
Rb7 Ra3 34. Kf3 a5 35. Kf4 Ra2 36. Kf3 a4 37. Ra7 a3 38. g4 g5 39. Kg3 Ra1 40.
Kf3 Kg6 41. Ra6 h5 42. h3 a2 43. Kg2 h4 44. Kf3 f6 45. Kg2 Kf7 46. Ra7+ Ke8 47.
Ra8+ Kd7 48. Ra7+ Kc6 49. Kf3 Kb5 50. Ra8 Kb4 51. Rb8+ Kc3 52. Rc8+ Kd2 53. Ra8
f5 54. Ra3 fxg4+ 55. hxg4 h3 56. Kg3 Rg1+ 0-1

[Event "Druga liga CS - Istok 2018"]
[Site "Nis"]
[Date "2018.09.08"]
[Round "2.6"]
[White "Djordjevic, Danilo"]
[Black "Mincic, Srbislav"]
[Result "0-1"]
[WhiteElo "2082"]
[BlackElo "2159"]
[Annotator "AB"]
[PlyCount "86"]
[EventDate "2018.09.07"]
[WhiteTeam "SVITANJA - Nis"]
[BlackTeam "CAST I SLAVA - Pirot"]

1. e4 e5 2. Nc3 Nc6 3. Bc4 Nf6 4. d3 Na5 5. Nge2 Nxc4 6. dxc4 d6 7. Qd3 Be6 8.
f3 c6 9. Bg5 h6 10. Bh4 Be7 11. Rd1 Qa5 12. Bxf6 Bxf6 13. b3 Rd8 14. O-O O-O
15. g3 Be7 16. Kg2 f5 17. h3 a6 18. a4 Rd7 19. g4 f4 20. Qd2 Qd8 21. Nc1 Qc7
22. Qe2 Rfd8 23. Nd3 b6 24. Rfe1 Kf7 25. Rd2 Rh8 26. Rh1 h5 27. Rdd1 Rdd8 28.
Rde1 Rh6 29. Reg1 Rdh8 30. Qe1 Qd8 31. Qf2 Bh4 32. Qe2 Bg3 33. Rd1 Qh4 34. Nb4
Bd7 35. Nxa6 Ke7 36. Nb4 hxg4 37. fxg4 Bh2 38. Ncd5+ cxd5 39. Nxd5+ Kd8 40. Rd3
Bg3 41. Rdd1 Bxg4 42. hxg4 Qxh1+ 43. Rxh1 Rxh1 0-1

[Event "Druga liga CS - Istok 2018"]
[Site "Nis"]
[Date "2018.09.08"]
[Round "2.6"]
[White "Dimitrijevic, Dusan"]
[Black "Djukic, Nebojsa"]
[Result "1-0"]
[WhiteElo "2065"]
[BlackElo "2173"]
[Annotator "AB"]
[PlyCount "135"]
[EventDate "2018.09.07"]
[WhiteTeam "CAST I SLAVA - Pirot"]
[BlackTeam "SVITANJA - Nis"]

1. d4 e6 2. e4 d5 3. Nd2 Nf6 4. e5 Nfd7 5. Bd3 c5 6. c3 Nc6 7. Ne2 Qb6 8. Nf3
cxd4 9. cxd4 f6 10. exf6 Nxf6 11. O-O Bd6 12. a3 O-O 13. b4 e5 14. dxe5 Nxe5
15. Ned4 Bg4 16. h3 Bxf3 17. Nxf3 Nxf3+ 18. Qxf3 Be5 19. Be3 Bd4 20. Bxd4 Qxd4
21. Rad1 Qh4 22. Qf5 g6 23. Qe6+ Kg7 24. g3 Qh5 25. Kg2 Rae8 26. Qd6 Rf7 27.
Rde1 Ref8 28. Re5 Qh6 29. f4 b6 30. Rfe1 Kg8 31. Rg5 Ne4 32. Bxe4 dxe4 33. Re5
Qg7 34. R1xe4 Rd7 35. Qe6+ Qf7 36. Kf3 Qxe6 37. Rxe6 Rc8 38. Re7 Rc3+ 39. Re3
Rxe3+ 40. Rxe3 Kf7 41. g4 h5 42. gxh5 gxh5 43. Ke4 Ke6 44. f5+ Kf6 45. Rc3 Kg5
46. Rg3+ Kh4 47. Rg8 Rd1 48. f6 Rf1 49. Ke5 Kxh3 50. Ke6 Re1+ 51. Kd6 Rf1 52.
Ke7 Re1+ 53. Kf8 h4 54. f7 Kh2 55. Kg7 Rg1+ 56. Kf6 Rf1+ 57. Ke6 h3 58. f8=Q
Rxf8 59. Rxf8 Kg2 60. Rg8+ Kf2 61. Rh8 Kg2 62. Kd6 a5 63. b5 h2 64. Kc6 a4 65.
Kxb6 h1=Q 66. Rxh1 Kxh1 67. Kc5 Kg2 68. b6 1-0

[Event "Druga liga CS - Istok 2018"]
[Site "Nis"]
[Date "2018.09.08"]
[Round "2.6"]
[White "Ristic, Boban"]
[Black "Najdanovic, Veljko **"]
[Result "1-0"]
[WhiteElo "2019"]
[BlackElo "1719"]
[Annotator "AB"]
[PlyCount "57"]
[EventDate "2018.09.07"]
[WhiteTeam "SVITANJA - Nis"]
[BlackTeam "CAST I SLAVA - Pirot"]

1. d4 g6 2. Nf3 Bg7 3. Bf4 d6 4. e3 Nf6 5. h3 O-O 6. Bc4 a6 7. a4 Nbd7 8. Nbd2
c5 9. c3 b6 10. O-O Bb7 11. Qb3 Rc8 12. Ng5 d5 13. Be2 Re8 14. Ngf3 c4 15. Qc2
h6 16. Ne5 Nxe5 17. dxe5 Nh7 18. e6 f5 19. g4 fxg4 20. Qxg6 Kh8 21. Bxg4 Rg8
22. Qh5 Nf6 23. Qh4 Nxg4 24. hxg4 Qf8 25. Nf3 Bf6 26. Qh5 Qg7 27. Ne5 Bc6 28.
Bxh6 Qh7 29. Nf7+ 1-0

[Event "Druga liga CS - Istok 2018"]
[Site "Nis"]
[Date "2018.09.08"]
[Round "2.6"]
[White "Djelic, Jovan **"]
[Black "Simic, Anja **"]
[Result "0-1"]
[WhiteElo "1446"]
[BlackElo "1813"]
[Annotator "AB"]
[PlyCount "40"]
[EventDate "2018.09.07"]
[WhiteTeam "CAST I SLAVA - Pirot"]
[BlackTeam "SVITANJA - Nis"]

1. d4 Nf6 2. Nf3 d5 3. Bf4 c5 4. e3 Nc6 5. c3 Qb6 6. Qb3 c4 7. Qxb6 axb6 8.
Nbd2 Bf5 9. Be2 h6 10. O-O e6 11. h3 Be7 12. Rfe1 O-O 13. Nh2 b5 14. a3 Ra6 15.
Nhf1 Rfa8 16. Rec1 b4 17. Bf3 bxa3 18. bxa3 Bxa3 19. Re1 Bb2 20. Rxa6 Rxa6 0-1

[Event "Druga liga CS - Istok 2018 grupa sever"]
[Site ""]
[Date "2018.09.08"]
[Round "2.11"]
[White "Jovic, Stanoje"]
[Black "Marjanovic, Dejan"]
[Result "1/2-1/2"]
[WhiteElo "2273"]
[BlackElo "2382"]
[PlyCount "0"]
[WhiteTeam "RADNICKI - Cuprija"]
[BlackTeam "RUDAR - Kostolac"]
[EventDate "2018.09.07"]

1.c4 g6 2.g3 Bg7 3.Bg2 d6 4.Nf3 c5 5.O-O Nc6 6.Nc3 e6 7.a3 Nge7
8.b4 O-O 9.Rb1 b6 10.e3 Rb8 11.d4 Nf5 12.Ne2 Qc7 13.Bb2 cxb4
14.axb4 Nxb4 15.e4 Ne7 16.Ba3 Nbc6 17.e5 d5 18.Bd6 Qd7 19.Bxb8
Nxb8 20.c5 b5 21.Nc3 a6 22.Na4 Bb7 23.Nb6 Qc7 24.Ne1 Nbc6 25.Nc2
Na5 26.Qd2 Nc4 27.Nxc4 dxc4 28.Bxb7 Qxb7 29.Ne3 Qc7 30.Ra1 Nc6
31.Rxa6 Rd8 32.Rxc6 Qxc6 33.Qb2 Bh6 34.Ng4 Bg5 35.Nf6+ Bxf6 36.exf6
Rb8 37.Qd2 Qf3 38.c6 Qxf6 39.d5 exd5 40.Qxd5 Rc8 41.Qxb5 Rxc6
42.Rc1 c3 43.Qd3 h5 44.h4 Qe5 45.Rc2 Kg7 46.Kh2 Rc5 47.Kg2 Rc7
48.Kh2 Qc5 49.Kg2 Kh7 50.Kh2 Kg8 51.Kg2 Kg7 52.Kh2 Qc4 53.Qe3
Kh7 54.Kg2 f6 55.Kh2 Kg7 56.Kg2 Qd5+ 57.Kh2 Qe5 58.Qd3 f5 59.Re2
Qf6 60.f4 Kh7 61.Rc2 Qc6 62.Qe3 Qc4 63.Qe5 Qc6 64.Qe3 Qc5 65.Qd3
Kg7 66.Qd8 Rb7 67.Qd3 Rb2 68.Qd7+ Kh6 69.Rxb2 cxb2 70.Qd8 Qc3
71.Qf8+ Qg7 72.Qb8 Qf6 73.Kh3 Kh7 74.Qb7+ Qg7 75.Qb3 Qh8 76.Qb7+
Kh6 77.Qb4 Qa8 78.Qxb2 Qh1+ 1/2-1/2

[Event "Druga liga CS - Istok 2018 grupa sever"]
[Site ""]
[Date "2018.09.08"]
[Round "2.12"]
[White "Jovanovic, Dusan D"]
[Black "Milenkovic, Ivan"]
[Result "1-0"]
[WhiteElo "2401"]
[BlackElo "2255"]
[PlyCount "0"]
[WhiteTeam "RUDAR - Kostolac"]
[BlackTeam "RADNICKI - Cuprija"]
[EventDate "2018.09.07"]

1.Nf3 Nf6 2.b3 g6 3.Bb2 Bg7 4.g3 O-O 5.Bg2 d6 6.d4 Nbd7 7.O-O
e5 8.dxe5 Ng4 9.c4 Re8 10.Nc3 dxe5 11.h3 Ngf6 12.Qc2 c6 13.Rad1
Qc7 14.Ng5 Nc5 15.Ba3 Bf8 16.Qc1 Bf5 17.b4 Ne6 18.e4 Nxg5 19.exf5
h6 20.h4 Ngh7 21.fxg6 fxg6 22.Rfe1 Rad8 23.b5 Bg7 24.bxc6 bxc6
25.Bc5 Rxd1 26.Rxd1 g5 27.h5 g4 28.Be3 Nxh5 29.Bxh6 N5f6 30.c5
Re6 31.Bxg7 Kxg7 32.Ne4 Qe7 33.Nd6 Kh8 34.Bxc6 e4 35.Nf5 Qf8
36.Rd6 Re5 37.Nh4 Kg7 38.Qc3 Rh5 39.Bxe4 Ng5 40.Bg2 1-0

[Event "Druga liga CS - Istok 2018 grupa sever"]
[Site ""]
[Date "2018.09.08"]
[Round "2.13"]
[White "Gajovic, Dragan"]
[Black "Djordjevic, Nebojsa"]
[Result "1/2-1/2"]
[WhiteElo "2140"]
[BlackElo "2284"]
[PlyCount "0"]
[WhiteTeam "RADNICKI - Cuprija"]
[BlackTeam "RUDAR - Kostolac"]
[EventDate "2018.09.07"]

1.g3 d5 2.Bg2 Nf6 3.b3 e6 4.Bb2 Be7 5.Nf3 O-O 6.O-O b6 7.c4 c6
8.Ne5 Bb7 9.d4 Nbd7 10.cxd5 cxd5 11.Nc3 Rc8 12.Rc1 a6 13.e4 Bd6
14.f4 Qe7 15.Rf2 Rc7 16.Rfc2 Rfc8 17.Bf1 Ba3 18.Nxd7 Bxb2 19.Nxf6+
gxf6 20.Rxb2 Rxc3 21.Rbc2 Rxc2 22.Rxc2 Rxc2 23.Qxc2 f5 1/2-1/2

[Event "Druga liga CS - Istok 2018 grupa sever"]
[Site ""]
[Date "2018.09.08"]
[Round "2.14"]
[White "Zafirovski, Mite"]
[Black "Golubovic, Marko"]
[Result "1-0"]
[WhiteElo "2245"]
[BlackElo "1994"]
[PlyCount "0"]
[WhiteTeam "RUDAR - Kostolac"]
[BlackTeam "RADNICKI - Cuprija"]
[EventDate "2018.09.07"]

1.d4 Nf6 2.c4 c5 3.d5 g6 4.Nc3 Bg7 5.Nf3 O-O 6.g3 d6 7.Bg2 Bf5
8.Nh4 Bd7 9.O-O Na6 10.e4 Nc7 11.a4 b6 12.Re1 Nfe8 13.Nf3 a6
14.Bf1 Rb8 15.e5 b5 16.axb5 axb5 17.h3 bxc4 18.exd6 exd6 19.Nd2
Nb5 20.Nxb5 Bxb5 21.Bxc4 Nc7 22.h4 Bd4 23.Qf3 Re8 24.Rxe8+ Qxe8
25.Bxb5 Nxb5 26.Ne4 f5 27.Ng5 Be5 28.Qd1 Ra8 29.Rxa8 Qxa8 30.Qb3
Nd4 31.Qc4 Qb7 32.Be3 Qxb2 33.Qa4 Qb1+ 34.Kh2 Qb7 35.Qe8+ Kg7
36.Ne6+ Nxe6 37.dxe6 Bf6 38.Bg5 h6 39.e7 1-0

[Event "Druga liga CS - Istok 2018 grupa sever"]
[Site ""]
[Date "2018.09.08"]
[Round "2.15"]
[White "Mijajlovic, Jovan"]
[Black "Maksimovic, Boban"]
[Result "0-1"]
[WhiteElo "1959"]
[BlackElo "2213"]
[PlyCount "0"]
[WhiteTeam "RADNICKI - Cuprija"]
[BlackTeam "RUDAR - Kostolac"]
[EventDate "2018.09.07"]

1.e4 e6 2.d4 d5 3.Nc3 Nf6 4.Bg5 Be7 5.e5 Nfd7 6.Bxe7 Qxe7 7.f4
a6 8.Nf3 c5 9.Be2 Nc6 10.Qd2 b5 11.h4 Nb6 12.h5 Bb7 13.h6 g6
14.Nd1 Nc4 15.Bxc4 dxc4 16.dxc5 Qxc5 17.Qe3 Qe7 18.Nf2 Nb4 19.Qe2
Rd8 20.O-O Bxf3 21.Qxf3 Nxc2 22.Rad1 O-O 23.Qc3 Nb4 24.Rxd8 Rxd8
25.Rd1 Rxd1+ 26.Nxd1 Qc5+ 27.Kh2 Nd5 28.Qa5 Qf8 29.Qxa6 Qxh6+
30.Kg1 Qxf4 31.Nf2 Qxe5 32.Nh3 Qxb2 0-1

[Event "Druga liga CS - Istok 2018 grupa sever"]
[Site ""]
[Date "2018.09.08"]
[Round "2.16"]
[White "Nikolic, Zeljko"]
[Black "Manic, Veljko"]
[Result "1-0"]
[WhiteElo "2206"]
[BlackElo "1902"]
[PlyCount "0"]
[WhiteTeam "RUDAR - Kostolac"]
[BlackTeam "RADNICKI - Cuprija"]
[EventDate "2018.09.07"]

1.d4 Nf6 2.Bf4 e6 3.e3 d5 4.Nf3 Be7 5.h3 c5 6.c3 Nc6 7.Nbd2 b6
8.Bb5 Bd7 9.Ba6 Na5 10.Ne5 O-O 11.Nxd7 Qxd7 12.Bd3 Nc6 13.O-O
h6 14.Rc1 Bd6 15.Bxd6 Qxd6 16.f4 Nd7 17.Bb1 f5 18.g4 Qe7 19.gxf5
exf5 20.Qf3 Qe6 21.c4 Ne7 22.b3 Rae8 23.Rfe1 Kh8 24.Qg2 Rg8 25.h4
Qd6 26.cxd5 Nxd5 27.Nc4 Qe6 28.Ne5 Nxe5 29.dxe5 Rd8 30.Kf2 Rd7
31.Qh3 Rf8 32.Red1 Nc7 33.Bd3 a6 34.Ke2 Qf7 35.h5 Qe6 36.Bc4
Qc6 37.Rxd7 Qxd7 38.Rd1 Qe7 39.Rd6 b5 40.Bd3 Qf7 41.Rc6 c4 42.bxc4
bxc4 43.Rxc4 Nb5 44.Rc2 Nc7 45.Bxf5 Nd5 46.Rc8 Rxc8 47.Bxc8 a5
48.Be6 Nc3+ 49.Kd3 Qc7 50.Qf5 Qc5 1-0

[Event "Druga liga CS - Istok 2018 grupa sever"]
[Site ""]
[Date "2018.09.08"]
[Round "2.17"]
[White "Stanisavljevic, Vladan"]
[Black "Krstic, Milos"]
[Result "0-1"]
[WhiteElo "1882"]
[BlackElo "2171"]
[PlyCount "0"]
[WhiteTeam "RADNICKI - Cuprija"]
[BlackTeam "RUDAR - Kostolac"]
[EventDate "2018.09.07"]

1.e3 d5 2.d4 Nf6 3.c4 c6 4.Nc3 e6 5.Nf3 Nbd7 6.Bd3 Bd6 7.O-O
O-O 8.Re1 dxc4 9.Bxc4 e5 10.dxe5 Nxe5 11.Nxe5 Bxe5 12.h3 Qe7
13.Qc2 Rd8 14.Bd2 Be6 15.Bxe6 Qxe6 16.Rad1 Rd7 17.a3 Rad8 18.Bc1
Qc4 19.Rxd7 Rxd7 20.Rd1 Rxd1+ 21.Qxd1 h6 22.Ne2 Nd5 23.b3 Qc5
24.Qd2 Qb5 25.Bb2 Bxb2 26.Qxb2 Qd3 27.Nd4 Qe4 28.b4 Nb6 29.Nb3
Na4 30.Qc1 b6 31.Nd2 Qd5 32.Qc2 b5 33.Nb3 Nb6 34.Nd4 Nc4 35.a4
a6 36.axb5 cxb5 37.Qa2 Qd6 38.Qb3 Nb6 39.Qc3 Nc4 40.Nf5 Qf8 41.g3
g6 42.Nd4 Qd6 43.h4 h5 44.Kf1 Ne5 45.Ke2 Ng4 46.Nf3 Qe6 47.Nd4
Qf6 48.f3 Ne5 49.f4 Ng4 50.e4 Qe7 51.Kf3 Qd7 52.e5 Qd5+ 53.Ke2
Qg2+ 54.Kd1 Qg1+ 55.Kc2 Ne3+ 56.Kd2 Nc4+ 57.Ke2 Qg2+ 58.Ke1 Qe4+
59.Kf2 Nb6 60.Nc2 Nd5 61.Qd2 Kg7 62.Qe2 Qh1 63.Qf3 Qc1 64.Qd3
Qb2 65.Qxd5 Qxc2+ 66.Kg1 Qb1+ 67.Kh2 Qb2+ 68.Kh3 Qxb4 69.e6 Qe7
70.exf7 Qxf7 71.Qe5+ Kh7 72.Qd6 a5 73.Qb6 a4 74.Qxb5 Qf5+ 0-1